| 000 | 00808cab a2200241 4500 | ||
|---|---|---|---|
| 001 | WB3403-21 | ||
| 008 | 090401t1998 xxu||||| |||| 00| 0 eng d | ||
| 035 | _a(Sirsi) u83251 | ||
| 041 | _aeng | ||
| 245 | _a£175m package for council housing | ||
| 260 | _c1998 | ||
| 350 | _a0 | ||
| 490 |
_aScottish Office News Release _v(313) 16 January 1998, (2) |
||
| 520 | _a£174.6m is to go to Scottish local authorities in net capital allocations to spend on council housing investment in 1998-99. Includes the distribution of the Housing Revenue Account (HRA) allocations for 1998-99. | ||
| 650 | _aCOUNCIL HOUSING | ||
| 650 | _aFUNDING | ||
| 650 | _aHOUSING-INVESTMENT | ||
| 650 | _aLOCAL AUTHORITIES | ||
| 650 | _aSCOTLAND | ||
| 690 |
_aBlock management _96220 |
||
| 942 | _n0 | ||
| 948 | _c21/01/1998 | ||
| 999 |
_c52572 _d52572 |
||